000 00872nam a2200229Ia 4500
003 GCL
008 140319s9999 xx 000 0 ara d
040 _aGCL /
_cGCL
082 0 4 _aم
_b810.8005
_bت ن
100 1 _aالتنوخى , القاضى ابوعلى المحسن
245 1 0 _aنشوار المحاضرة واخبار المذاكرة /
_cالتنوخى , القاضى ابوعلى المحسن
260 _a[S.N] :
_bلجنة الاعلام والدراسات المستقبلية ،
_c1971
300 _aمتعدد
490 _aشكاوى المصرى الفصيح
_v0
650 0 4 _aالادب العربى
650 0 4 _aالنثر العربى
650 0 4 _aالبلاغة العربية
650 0 4 _aالدولة العباسية الثانية
650 0 4 _aالتاريخ الاسلامى
650 0 4 _aالمجموعات
942 _2ddc
_cREF
999 _c59282
_d59282